Linear algebra : (Record no. 7183)
[ view plain ]
| 000 -LEADER | |
|---|---|
| fixed length control field | 01047nam a2200301 4500 |
| 001 - CONTROL NUMBER | |
| control field | 2911566 |
| 005 - DATE AND TIME OF LATEST TRANSACTION | |
| control field | 20150512091108.0 |
| 007 - PHYSICAL DESCRIPTION FIXED FIELD--GENERAL INFORMATION | |
| fixed length control field | 000 |
| 008 - FIXED-LENGTH DATA ELEMENTS--GENERAL INFORMATION | |
| fixed length control field | 000 |
| 010 ## - LIBRARY OF CONGRESS CONTROL NUMBER | |
| LC control number | 88031177 |
| 020 ## - INTERNATIONAL STANDARD BOOK NUMBER | |
| International Standard Book Number | 052132517X |
| International Standard Book Number | 0521310423 (pbk.) |
| 040 ## - CATALOGING SOURCE | |
| Original cataloging agency | UOEL |
| Transcribing agency | DLC |
| Modifying agency | DLC |
| 050 00 - LIBRARY OF CONGRESS CALL NUMBER | |
| Classification number | QA184 |
| Item number | .H3 1989 |
| 082 00 - DEWEY DECIMAL CLASSIFICATION NUMBER | |
| Classification number | 512.5 |
| Edition number | 19 |
| 100 1# - MAIN ENTRY--PERSONAL NAME | |
| Personal name | Hamilton, A. G., |
| Dates associated with a name | 1943- |
| 245 10 - TITLE STATEMENT | |
| Title | Linear algebra : |
| Remainder of title | an introduction with concurrent examples / |
| Statement of responsibility, etc | A.G. Hamilton. |
| 260 ## - PUBLICATION, DISTRIBUTION, ETC. (IMPRINT) | |
| Place of publication, distribution, etc | Cambridge ; |
| -- | New York : |
| Name of publisher, distributor, etc | Cambridge University Press, |
| Date of publication, distribution, etc | 1989. |
| 300 ## - PHYSICAL DESCRIPTION | |
| Extent | viii, 328 p. : |
| Other physical details | ill. ; |
| Dimensions | 24 cm. |
| 500 ## - GENERAL NOTE | |
| General note | Includes index. |
| 504 ## - BIBLIOGRAPHY, ETC. NOTE | |
| Bibliography, etc | Bibliography: p. [325]-326. |
| 650 #0 - SUBJECT ADDED ENTRY--TOPICAL TERM | |
| Topical term or geographic name as entry element | Algebras, Linear. |
| General subdivision | Mathematics |
| 856 42 - ELECTRONIC LOCATION AND ACCESS | |
| Materials specified | Publisher description |
| Uniform Resource Identifier | <a href="http://www.loc.gov/catdir/description/cam023/88031177.html">http://www.loc.gov/catdir/description/cam023/88031177.html</a> |
| Materials specified | Table of contents |
| Uniform Resource Identifier | <a href="http://www.loc.gov/catdir/toc/cam027/88031177.html">http://www.loc.gov/catdir/toc/cam027/88031177.html</a> |
| 906 ## - LOCAL DATA ELEMENT F, LDF (RLIN) | |
| a | 7 |
| b | cbc |
| c | orignew |
| d | 1 |
| e | ocip |
| f | 19 |
| g | y-gencatlg |
| 942 ## - ADDED ENTRY ELEMENTS (KOHA) | |
| Source of classification or shelving scheme | Library of Congress Classification |
| Item type | Loan - Normal on open shelf |
| Withdrawn status | Lost status | Source of classification or shelving scheme | Damaged status | Not for loan | Home library | Current library | Shelving location | Date acquired | Total Checkouts | Full call number | Barcode | Date last seen | Copy number | Price effective from | Koha item type |
|---|---|---|---|---|---|---|---|---|---|---|---|---|---|---|---|
| Library of Congress Classification | UOE Main Library | UOE Main Library | Open shelf | 12/05/2015 | QA184 .H3 1989 | 20144148 | 27/04/2026 | 20144148 | 12/05/2015 | Loan - Normal on open shelf |
